| 000 | 00524nam a2200169Ia 4500 | ||
|---|---|---|---|
| 999 |
_c12384 _d12384 |
||
| 003 | OSt | ||
| 005 | 20201005135810.0 | ||
| 008 | 190216s9999||||xx |||||||||||||| ||und|| | ||
| 040 | _coclc | ||
| 082 |
_a821.83 _bBRO/S |
||
| 100 |
_aBrowning, Robert _94904 |
||
| 245 | 0 |
_aSelected Poetry Of Robert Browning / _cRobert browning ; kenneth l knickerbocker |
|
| 260 |
_bThe Modern Library, _c1967. _aLondon: |
||
| 300 | _a724p | ||
| 650 | _aEnglish Poetry | ||
| 942 |
_cBK _2ddc _h821.83 _iBRO/S _k821.83 _mBRO/S |
||